<?xml version="1.0" encoding="UTF-8"?>
<record
    xmlns:xsi="http://www.w3.org/2001/XMLSchema-instance"
    xsi:schemaLocation="http://www.loc.gov/MARC21/slim http://www.loc.gov/standards/marcxml/schema/MARC21slim.xsd"
    xmlns="http://www.loc.gov/MARC21/slim">

  <leader>01744nam a2200289 a 4500</leader>
  <controlfield tag="001">BRCA_8512</controlfield>
  <controlfield tag="003">FranzMayer</controlfield>
  <controlfield tag="005">20230724110059.0</controlfield>
  <controlfield tag="008">140716s1776----sp-#######---#000-0#spa-#</controlfield>
  <datafield tag="040" ind1=" " ind2=" ">
    <subfield code="a">MFM</subfield>
    <subfield code="b">spa</subfield>
    <subfield code="c">MFM</subfield>
  </datafield>
  <datafield tag="041" ind1=" " ind2=" ">
    <subfield code="a">spa</subfield>
  </datafield>
  <datafield tag="044" ind1=" " ind2=" ">
    <subfield code="a">sp</subfield>
  </datafield>
  <datafield tag="084" ind1=" " ind2=" ">
    <subfield code="a">BE17</subfield>
    <subfield code="b">.F54 1776</subfield>
  </datafield>
  <datafield tag="100" ind1="1" ind2=" ">
    <subfield code="a">Flechier, Esp&#xED;ritu</subfield>
    <subfield code="c">Obispo de N&#xEE;mes</subfield>
    <subfield code="d">1632-1710</subfield>
    <subfield code="9">21349</subfield>
  </datafield>
  <datafield tag="245" ind1="1" ind2="0">
    <subfield code="a">Sermones morales predicados delante del Rey</subfield>
    <subfield code="c">por ... Espiritu Flechier ; traducidos al castellano por don Juan de Arribas y Soria.</subfield>
  </datafield>
  <datafield tag="250" ind1=" " ind2=" ">
    <subfield code="a">2</subfield>
  </datafield>
  <datafield tag="260" ind1=" " ind2=" ">
    <subfield code="a">Madrid</subfield>
    <subfield code="b">En la Oficina de Antonio Fern&#xE1;ndez</subfield>
    <subfield code="c">1776</subfield>
  </datafield>
  <datafield tag="300" ind1=" " ind2=" ">
    <subfield code="a">[4], 302 p.</subfield>
    <subfield code="c">21 x 15 cm.</subfield>
  </datafield>
  <datafield tag="500" ind1=" " ind2=" ">
    <subfield code="a">Estado f&#xED;sico : lomo desprendido</subfield>
  </datafield>
  <datafield tag="500" ind1=" " ind2=" ">
    <subfield code="a">Con marca de fuego : &#xB4;Procedencia de la marca: Convento de Santa Teresa Jes&#xFA;s de Quer&#xE9;taro(1). Instituci&#xF3;n: Orden de Carmelitas Descalzos. Provincia de San Alberto de M&#xE9;xico. Descripci&#xF3;n: Variaci&#xF3;n sobre las armas de la Orden del Monte Carmelo. Un mantel sumado de una cruz patada y cargado de una letra capital Q. Al timbre, corona real abierta. Observaciones: Esta marca conserva tres elementos del escudo carmelita: la cruz, el mantel / monte y la corona de tres florones, simplificaci&#xF3;n de la de 12 estrellas (sentido m&#xED;stico del Apocalipsis) (2) ---------- En 2006 Ferm&#xED;n Campos sugiri&#xF3; que la inicial Q es la sigla de la palabra &#xB4;Quer&#xE9;taro&#xB4;. Ubicaci&#xF3;n de la marca en el libro: Canto superior&#xB4;</subfield>
  </datafield>
  <datafield tag="505" ind1="0" ind2=" ">
    <subfield code="a">Contenido : t.2. De los morales. -- t.6. De la obra</subfield>
  </datafield>
  <datafield tag="650" ind1="1" ind2="4">
    <subfield code="a">Sermones</subfield>
    <subfield code="9">21350</subfield>
  </datafield>
  <datafield tag="700" ind1="1" ind2=" ">
    <subfield code="a">Arribas y Soria, Juan de</subfield>
    <subfield code="e">tr.</subfield>
    <subfield code="9">21351</subfield>
  </datafield>
  <datafield tag="856" ind1=" " ind2=" ">
    <subfield code="a">http://www.marcasdefuego.buap.mx:8180/xmLibris/projects/firebrand/item.jsp?repository=marcas_de_fuego&amp;key=1cac16ac.xml&amp;num=19</subfield>
  </datafield>
  <datafield tag="902" ind1=" " ind2=" ">
    <subfield code="a">CFM</subfield>
  </datafield>
  <datafield tag="942" ind1=" " ind2=" ">
    <subfield code="2">lcc</subfield>
    <subfield code="c">B</subfield>
  </datafield>
  <datafield tag="999" ind1=" " ind2=" ">
    <subfield code="c">8178</subfield>
    <subfield code="d">8178</subfield>
  </datafield>
  <datafield tag="952" ind1=" " ind2=" ">
    <subfield code="0">0</subfield>
    <subfield code="1">0</subfield>
    <subfield code="2">lcc</subfield>
    <subfield code="4">0</subfield>
    <subfield code="7">0</subfield>
    <subfield code="8">CFM</subfield>
    <subfield code="a">BRCA</subfield>
    <subfield code="b">BRCA</subfield>
    <subfield code="d">2016-07-14</subfield>
    <subfield code="e">Donaci&#xF3;n</subfield>
    <subfield code="l">0</subfield>
    <subfield code="o">BE17 .F54 1776</subfield>
    <subfield code="p">CFM00017</subfield>
    <subfield code="r">2019-03-22 00:00:00</subfield>
    <subfield code="w">2019-03-22</subfield>
    <subfield code="y">B</subfield>
  </datafield>
</record>
